Instituciones de derecho sucesorio
Guardat en:
| Autor principal: | |
|---|---|
| Format: | Llibre |
| Idioma: | espanyol |
| Publicat: |
Santiago
Jurídica
2002
|
| Edició: | 3a. ed |
| Matèries: | |
| Etiquetes: |
Afegir etiqueta
Sense etiquetes, Sigues el primer a etiquetar aquest registre!
|
MARC
| LEADER | 00000nam a2200000 a 4500 | ||
|---|---|---|---|
| 001 | UCK9764 | ||
| 003 | CL-VaPUC | ||
| 008 | 060531e20020000CL |||||||||||||||||spa|d | ||
| 020 | |a 9561016834 | ||
| 020 | |a 9561016842v.1 | ||
| 020 | |a 9561016850v.2 | ||
| 082 | 0 | 4 | |a 346.83 |b ROD |2 21 |
| 100 | 0 | |a Rodríguez Grez, Pablo |e author |9 499671 | |
| 245 | 1 | 0 | |a Instituciones de derecho sucesorio |
| 250 | |a 3a. ed | ||
| 300 | |a v | ||
| 942 | |c BK | ||
| 945 | |d 20060531 00:00:00 |a jtorresc | ||
| 260 | |a Santiago |b Jurídica |c 2002 | ||
| 500 | |a v.1: De los cinco tipos de sucesión en el código civil chileno. | ||
| 500 | |a v.2: Pérdida, defensa y pago de las asignaciones. Ejecutores testamentarios. Partición | ||
| 650 | 0 | |a Derecho sucesorio |9 255015 | |
| 650 | 0 | |a Herencia |9 256325 | |
| 650 | 0 | |a Partición de bienes |9 256640 | |
| 583 | |a last modification |c 20060531 00:00:00 |k Rodrigo Vera | ||
| 999 | |c 316827 |d 316825 | ||
| 952 | |0 0 |1 0 |4 0 |6 346_830000000000000_ROD_2002 |7 0 |8 A |9 392309 |a BIBDER |b BIBDER |d 2019-11-22 |h v.1 |i 4237323 |l 1 |o 346.83 ROD 2002 |p 4237323 |r 2025-03-31 |s 2025-01-30 |w 2019-11-22 |y BK |k DER | ||
| 952 | |0 0 |1 0 |4 0 |6 346_830000000000000_ROD_2002 |7 0 |8 A |9 392310 |a BIBDER |b BIBDER |d 2019-11-22 |h v.2 |i 4237331 |o 346.83 ROD 2002 |p 4237331 |r 2023-01-25 |w 2019-11-22 |y BK |k DER | ||
| 952 | |0 0 |1 0 |4 0 |6 346_830000000000000_ROD_2002 |7 0 |8 A |9 392311 |a BIBDER |b BIBDER |d 2019-11-22 |h v.1 |i 4508637 |o 346.83 ROD 2002 |p 4508637 |r 2023-01-25 |w 2019-11-22 |y BK |k DER | ||
| 952 | |0 0 |1 0 |4 0 |6 346_830000000000000_ROD_2002 |7 0 |8 A |9 392312 |a BIBDER |b BIBDER |d 2019-11-22 |h v.2 |i 4508645 |l 1 |o 346.83 ROD 2002 |p 4508645 |r 2025-03-31 |s 2025-01-30 |w 2019-11-22 |y BK |k DER | ||